[Event "Lahti LahS Weekend-A"]
[Site "Lahti"]
[Date "2019.08.18"]
[Round "4"]
[White "Salykin, Alexandr"]
[Black "Sipila, Markku"]
[Result "1/2-1/2"]
[WhiteElo "2087"]
[BlackElo "2020"]
[PlyCount "84"]
[EventDate "2019.08.17"]
[EventType "swiss"]
[EventRounds "4"]
[EventCountry "FIN"]
[SourceTitle "CBM 192 Extra"]
[Source "Chessbase"]
[SourceDate "2019.11.06"]
[SourceVersion "1"]
[SourceVersionDate "2019.11.06"]
[SourceQuality "1"]

1. Nf3 d5 2. g3 g6 3. Bg2 Bg7 4. 0-0 Nf6 5. d3 0-0 6. Nbd2 Re8 7. e4 e5 8. Qe2 c6 9. h3 Qc7 10. Nh2 Na6 11. c3 Bd7 12. Ng4 Rad8 13. Nxf6+ Bxf6 14. f4 exf4 15. gxf4 dxe4 16. dxe4 Bg7 17. Kh1 Nc5 18. Qc4 Bf8 19. e5 b5 20. Qe2 Bf5 21. Rg1 Qd7 22. Kh2 Bh6 23. Ne4 Nxe4 24. Bxe4 Bxe4 25. Qxe4 Qd5 26. Qe1 f6 27. Qh4 Bg7 28. Be3 Qe4 29. Rae1 fxe5 30. Bc1 Qf5 31. Rg5 Bf6 32. fxe5 Bxg5 33. Bxg5 Qc2+ 34. Kg1 Rd1 35. Bf6 Rxe1+ 36. Qxe1 Qf5 37. Qd2 Rxe5 38. Bxe5 Qxe5 39. Qg2 Qd5 40. Qe2 a6 41. a3 Qc5+ 42. Kg2 Kg7 1/2-1/2

[Event "Lahti LahS Weekend-A"]
[Site "Lahti"]
[Date "2019.08.17"]
[Round "1"]
[White "Komulainen, Lauri"]
[Black "Salykin, Alexandr"]
[Result "1-0"]
[WhiteElo "1996"]
[BlackElo "2087"]
[PlyCount "77"]
[EventDate "2019.08.17"]
[EventType "swiss"]
[EventRounds "4"]
[EventCountry "FIN"]
[SourceTitle "CBM 192 Extra"]
[Source "Chessbase"]
[SourceDate "2019.11.06"]
[SourceVersion "1"]
[SourceVersionDate "2019.11.06"]
[SourceQuality "1"]

1. d4 e6 2. c4 f5 3. g3 Nf6 4. Nf3 d5 5. Bg2 c6 6. 0-0 Bd6 7. b3 0-0 8. Ba3 b6 9. Bxd6 Qxd6 10. Nc3 Ne4 11. Nxe4 fxe4 12. Ne1 e5 13. f3 exf3 14. Nxf3 e4 15. Ne5 Rxf1+ 16. Qxf1 Be6 17. cxd5 cxd5 18. Rc1 Na6 19. Rc6 Qe7 20. Bh3 Bxh3 21. Qxh3 Nb4 22. Rc8+ Rxc8 23. Qxc8+ Qf8 24. Qe6+ Kh8 25. a3 Nc2 26. Qxd5 Ne3 27. Nf7+ Kg8 28. Qxe4 Kxf7 29. Qf3+ Kg8 30. Qxe3 Qxa3 31. Qe8+ Qf8 32. Qxf8+ Kxf8 33. Kf2 a5 34. Ke3 Ke7 35. Kd3 b5 36. e4 Kd6 37. Kc3 Kc6 38. d5+ Kd6 39. Kd4 1-0

[Event "Helsinki EtVaS op"]
[Site "Helsinki"]
[Date "2019.05.18"]
[Round "2"]
[White "Karttinen, Risto"]
[Black "Salykin, Alexandr"]
[Result "1-0"]
[WhiteElo "1897"]
[BlackElo "2055"]
[PlyCount "69"]
[EventDate "2019.05.17"]
[EventType "swiss"]
[EventRounds "5"]
[EventCountry "FIN"]
[SourceTitle "CBM 195 Extra"]
[Source "ChessBase"]
[SourceDate "2020.05.31"]
[SourceVersion "1"]
[SourceVersionDate "2020.05.31"]
[SourceQuality "1"]

1. c4 g6 2. g3 Bg7 3. Bg2 Nf6 4. Nc3 0-0 5. d3 d6 6. Bg5 h6 7. Bd2 Nc6 8. a3 a5 9. Rb1 e5 10. e4 Nd7 11. b4 axb4 12. axb4 f5 13. exf5 gxf5 14. Nge2 f4 15. f3 Nd4 16. Nxd4 exd4 17. Ne4 Ne5 18. Bxf4 Rxf4 19. gxf4 Qh4+ 20. Ng3 Qxf4 21. 0-0 Qe3+ 22. Kh1 Nxd3 23. Qe2 Be6 24. Qc2 Kh8 25. Rb3 Bxc4 26. Qxc4 Nf2+ 27. Rxf2 Qxf2 28. Rb1 Ra2 29. Rg1 d3 30. Nf5 Qc2 31. Qf7 Qb2 32. Nxg7 Ra1 33. Qf8+ Kh7 34. Qf5+ Kxg7 35. Bf1+ 1-0

[Event "Helsinki EtVaS op"]
[Site "Helsinki"]
[Date "2019.05.18"]
[Round "3"]
[White "Salykin, Alexandr"]
[Black "Aalto, Patrik"]
[Result "0-1"]
[WhiteElo "2055"]
[BlackElo "2022"]
[PlyCount "92"]
[EventDate "2019.05.17"]
[EventType "swiss"]
[EventRounds "5"]
[EventCountry "FIN"]
[SourceTitle "CBM 195 Extra"]
[Source "ChessBase"]
[SourceDate "2020.05.31"]
[SourceVersion "1"]
[SourceVersionDate "2020.05.31"]
[SourceQuality "1"]

1. b3 c5 2. Bb2 d5 3. e3 a6 4. c4 d4 5. exd4 cxd4 6. d3 e5 7. g3 Nf6 8. Bg2 Bd6 9. Nf3 0-0 10. 0-0 Nc6 11. a3 a5 12. h3 h6 13. Qc2 Nd7 14. Nbd2 Nc5 15. Ne4 Nxe4 16. dxe4 Be6 17. c5 Be7 18. Ne1 Rc8 19. Nd3 f5 20. exf5 Bxf5 21. Qc4+ Kh8 22. Bxc6 Bxd3 23. Qxd3 Rxc6 24. b4 Qd5 25. f4 Bf6 26. fxe5 Qxe5 27. Rae1 Qd5 28. Re4 Rd8 29. Rxf6 Rxf6 30. Bxd4 Qf7 31. Qe3 Rg6 32. Re7 Rxg3+ 33. Qxg3 Qxe7 34. Qe5 Qxe5 35. Bxe5 axb4 36. axb4 Rd3 37. b5 Rd5 38. Bd6 b6 39. Kf2 bxc5 40. Bc7 Rd3 41. b6 Rb3 42. Ke2 Kh7 43. h4 Kg6 44. Kf2 c4 45. Ke2 Kf5 46. Kd2 g5 0-1

[Event "Kuopio KSY op-A"]
[Site "Kuopio"]
[Date "2019.04.28"]
[Round "4"]
[White "Salykin, Alexandr"]
[Black "Keso, Elias"]
[Result "0-1"]
[WhiteElo "2139"]
[BlackElo "2092"]
[PlyCount "80"]
[EventDate "2019.04.27"]
[EventType "swiss"]
[EventRounds "5"]
[EventCountry "FIN"]
[SourceTitle "EXT 2021"]
[Source "ChessBase"]
[SourceDate "2020.10.23"]
[SourceVersion "1"]
[SourceVersionDate "2020.10.23"]
[SourceQuality "1"]

1. d4 Nf6 2. Bf4 g6 3. Nc3 d5 4. e3 c6 5. h4 h5 6. Nf3 Bg7 7. Qd2 b5 8. a3 Nbd7 9. Bd3 Bb7 10. 0-0 0-0 11. Ng5 Qb6 12. Ne2 Rfe8 13. Be5 e6 14. Nf4 Nxe5 15. dxe5 Ng4 16. Nxf7 Kxf7 17. Bxg6+ Ke7 18. Bxh5 Nxe5 19. Bxe8 Rxe8 20. Nd3 c5 21. Qe2 Rh8 22. Nxe5 Bxe5 23. f4 Bxb2 24. Rab1 Bf6 25. g3 a6 26. Kh2 Qa5 27. h5 Qa4 28. g4 Qe4 29. g5 Bg7 30. Rbe1 Qg6 31. Kg3 Rxh5 32. Rh1 Rxh1 33. Rxh1 Qe4 34. Rf1 Bc3 35. Qf2 a5 36. Qh2 Qxe3+ 37. Kg4 Qe4 38. Rh1 Kd6 39. Rg1 d4 40. Qh5 Qf3+ 0-1

[Event "Paris ChessMates 3rd"]
[Site "Paris"]
[Date "2019.03.30"]
[Round "3.2"]
[White "Golding, James"]
[Black "Salykin, Alexandr"]
[Result "1-0"]
[WhiteElo "2152"]
[BlackElo "2112"]
[PlyCount "69"]
[EventDate "2019.03.29"]
[EventType "team-tourn"]
[EventRounds "5"]
[EventCountry "FRA"]
[SourceTitle "CBM 189 Extra"]
[Source "ChessBase"]
[SourceDate "2019.06.03"]
[SourceVersion "1"]
[SourceVersionDate "2019.06.03"]
[SourceQuality "1"]
[WhiteTeam "England"]
[BlackTeam "Murmansk Region"]
[WhiteTeamCountry "ENG"]
[BlackTeamCountry "RUS"]

1. d4 c6 2. c4 d5 3. Nf3 Nf6 4. Nc3 a6 5. c5 Nbd7 6. b4 g6 7. e3 Bg7 8. Bb2 0-0 9. Be2 Qc7 10. a4 e5 11. h3 Re8 12. Qd2 exd4 13. exd4 Ne4 14. Qc2 Nf8 15. 0-0 Nxc3 16. Bxc3 Bf5 17. Qd2 Be4 18. Rfe1 Bxf3 19. Bxf3 Qd7 20. Rxe8 Rxe8 21. Rd1 Ne6 22. Rb1 Qe7 23. b5 axb5 24. axb5 Ng5 25. Qd3 Qf6 26. bxc6 bxc6 27. Rb6 h5 28. Bxd5 Qf4 29. Bd2 Qh4 30. Rxc6 Bxd4 31. Qxg6+ Kf8 32. Qh6+ Bg7 33. Qxg5 Re1+ 34. Kh2 Be5+ 35. g3 1-0

[Event "Kokkola KokkSK Kaarlen op"]
[Site "Kokkola"]
[Date "2019.03.16"]
[Round "1"]
[White "Lahti, Jouko"]
[Black "Salykin, Alexandr"]
[Result "1/2-1/2"]
[WhiteElo "1907"]
[BlackElo "2096"]
[PlyCount "86"]
[EventDate "2019.03.16"]
[EventType "swiss"]
[EventRounds "5"]
[EventCountry "FIN"]
[SourceTitle "EXT 2021"]
[Source "ChessBase"]
[SourceDate "2020.10.23"]
[SourceVersion "1"]
[SourceVersionDate "2020.10.23"]
[SourceQuality "1"]

1. c4 c6 2. Nf3 d5 3. e3 Nf6 4. b3 Bg4 5. Bb2 e6 6. h3 Bh5 7. Be2 a6 8. 0-0 Be7 9. d3 Bxf3 10. Bxf3 Nbd7 11. Nc3 0-0 12. Rc1 Rc8 13. Be2 b5 14. Rc2 Nb6 15. Nb1 Nfd7 16. Nd2 Bf6 17. Qb1 Qe7 18. Rfc1 c5 19. cxd5 exd5 20. Bg4 Bxb2 21. Qxb2 f5 22. Be2 d4 23. e4 Nf6 24. Bf3 fxe4 25. Nxe4 Nxe4 26. Bxe4 Nd7 27. Re2 Qd6 28. Qd2 Nf6 29. Rce1 Rce8 30. Bf3 Rxe2 31. Rxe2 Re8 32. Qg5 Rxe2 33. Bxe2 Qd5 34. Qf4 Qe6 35. Bf3 Nd7 36. Be4 Nf6 37. Bf5 Qb6 38. Qe5 Qc6 39. Qe7 h6 40. Be6+ Kh7 41. Bf5+ Kg8 42. Be6+ Kh7 43. Bf5+ Kg8 1/2-1/2

[Event "Raahe Linnoitus 60v A"]
[Site "Raahe"]
[Date "2018.11.04"]
[Round "4"]
[White "Linna, Asko"]
[Black "Salykin, Alexandr"]
[Result "0-1"]
[WhiteElo "1980"]
[BlackElo "1914"]
[PlyCount "62"]
[EventDate "2018.11.03"]
[EventType "swiss"]
[EventRounds "5"]
[EventCountry "FIN"]
[SourceTitle "EXT 2022"]
[Source "ChessBase"]
[SourceDate "2021.10.06"]
[SourceVersion "1"]
[SourceVersionDate "2021.10.06"]
[SourceQuality "1"]

1. Nc3 d5 2. e4 dxe4 3. Nxe4 Nf6 4. Qf3 Nxe4 5. Qxe4 Nd7 6. Nf3 Nf6 7. Qd4 Qxd4 8. Nxd4 c6 9. Be2 e5 10. Nf3 e4 11. Ne5 Be6 12. 0-0 0-0-0 13. Nc4 Bc5 14. a3 a6 15. Ne3 Nd5 16. g3 f5 17. c4 Nf6 18. Rb1 g5 19. b4 Bd4 20. b5 axb5 21. cxb5 Ba2 22. Rb4 c5 23. Ra4 f4 24. Nf5 Be5 25. Nh6 Bb3 26. Ra8+ Kc7 27. Rxd8 Rxd8 28. Ng4 Bd4 29. Nxf6 Bxf6 30. Re1 f3 31. Bd1 c4 0-1

[Event "Tampere TammerSh fall-A"]
[Site "Tampere"]
[Date "2018.10.13"]
[Round "4"]
[White "Salykin, Alexandr"]
[Black "Johansson, Jukka"]
[Result "1/2-1/2"]
[WhiteElo "1873"]
[BlackElo "2110"]
[PlyCount "23"]
[EventDate "2018.10.13"]
[EventType "swiss"]
[EventRounds "4"]
[EventCountry "FIN"]
[SourceTitle "EXT 2021"]
[Source "ChessBase"]
[SourceDate "2020.10.23"]
[SourceVersion "1"]
[SourceVersionDate "2020.10.23"]
[SourceQuality "1"]

1. d4 d5 2. Bf4 Nf6 3. e3 e6 4. Nf3 Bd6 5. Bg3 0-0 6. Bd3 b6 7. Nbd2 Bb7 8. c3 Ne4 9. Qc2 f5 10. Ne5 Nd7 11. Ndf3 Qe7 12. Nxd7 1/2-1/2

[Event "Pardubice Czech op-B 29th"]
[Site "Pardubice"]
[Date "2018.07.20"]
[Round "1"]
[White "Blodig, Reinhard"]
[Black "Salykin, Alexandr"]
[Result "1-0"]
[WhiteElo "2078"]
[BlackElo "1862"]
[PlyCount "65"]
[EventDate "2018.07.20"]
[EventType "swiss"]
[EventRounds "9"]
[EventCountry "CZE"]
[SourceTitle "CBM 186 Extra"]
[Source "ChessBase"]
[SourceDate "2018.08.24"]
[SourceVersion "1"]
[SourceVersionDate "2018.08.24"]
[SourceQuality "1"]

1. g3 d5 2. Nf3 Nf6 3. Bg2 c6 4. d3 Bg4 5. Nbd2 Nbd7 6. h3 Bh5 7. 0-0 e5 8. e4 dxe4 9. dxe4 Bxf3 10. Qxf3 Bc5 11. Rd1 Qc7 12. Nf1 0-0-0 13. a3 Bb6 14. b4 Nf8 15. Bd2 Ne6 16. c3 Qe7 17. Ne3 g6 18. Nc4 Bc7 19. h4 Kb8 20. a4 h5 21. Bh3 Nd7 22. Be3 f6 23. Qe2 g5 24. hxg5 fxg5 25. Bf5 Rdg8 26. Qa2 Ndf8 27. b5 c5 28. a5 Bd8 29. a6 Rg7 30. axb7 Qxb7 31. Nxe5 Bb6 32. Bxe6 Nxe6 33. Qxe6 1-0

[Event "Pardubice op rapid 29th"]
[Site "Pardubice"]
[Date "2018.07.18"]
[Round "1"]
[White "Annenkov, Kirill"]
[Black "Salykin, Alexandr"]
[Result "1-0"]
[WhiteElo "2214"]
[BlackElo "1862"]
[PlyCount "59"]
[EventDate "2018.07.18"]
[EventType "swiss (rapid)"]
[EventRounds "9"]
[EventCountry "CZE"]
[SourceTitle "CBM 185 Extra"]
[Source "ChessBase"]
[SourceDate "2018.07.29"]
[SourceVersion "1"]
[SourceVersionDate "2018.07.29"]
[SourceQuality "1"]

1. d4 d5 2. c4 c6 3. cxd5 cxd5 4. Bf4 Nc6 5. e3 Nf6 6. Nc3 a6 7. Bd3 e6 8. Rc1 Bd6 9. Bxd6 Qxd6 10. f4 Bd7 11. Nf3 b5 12. 0-0 Ng4 13. Qe1 f5 14. Ne5 Ngxe5 15. fxe5 Qe7 16. Qg3 g6 17. Ne2 0-0 18. Nf4 Qg7 19. Rc5 Nb4 20. Bb1 Rac8 21. Rfc1 Rxc5 22. Rxc5 Rc8 23. Rxc8+ Bxc8 24. Qe1 Nc6 25. Qc3 Qc7 26. a3 Qb6 27. Ba2 b4 28. axb4 Kg7 29. h3 Bb7 30. Nxe6+ 1-0

[Event "Pardubice op rapid 29th"]
[Site "Pardubice"]
[Date "2018.07.18"]
[Round "3"]
[White "Gabr, Mohsen"]
[Black "Salykin, Alexandr"]
[Result "1-0"]
[WhiteElo "2287"]
[BlackElo "1862"]
[PlyCount "93"]
[EventDate "2018.07.18"]
[EventType "swiss (rapid)"]
[EventRounds "9"]
[EventCountry "CZE"]
[SourceTitle "CBM 185 Extra"]
[Source "ChessBase"]
[SourceDate "2018.07.29"]
[SourceVersion "1"]
[SourceVersionDate "2018.07.29"]
[SourceQuality "1"]

1. d4 d5 2. Bf4 Nf6 3. e3 c5 4. Nf3 Nc6 5. Nc3 a6 6. dxc5 e6 7. Na4 Qa5+ 8. c3 Bxc5 9. Nxc5 Qxc5 10. h3 0-0 11. Be2 Re8 12. 0-0 e5 13. Bh2 Bf5 14. Qb3 Qe7 15. a4 Rad8 16. Rfe1 h6 17. Rad1 Rd7 18. Bf1 Red8 19. g4 Be4 20. Nd2 Qc5 21. Nxe4 Nxe4 22. Bg2 Nf6 23. Bg3 Ne8 24. Bh4 f6 25. Bg3 Kh8 26. Qc2 Qe7 27. b4 Nc7 28. Qb3 b5 29. axb5 axb5 30. Ra1 Qd6 31. f4 e4 32. Kh2 Qe7 33. Red1 Qf7 34. Rd2 Kg8 35. Rad1 Nb8 36. f5 Kf8 37. Qa2 Nc6 38. Bxe4 Ne5 39. Bxe5 fxe5 40. Bg2 h5 41. Rf2 hxg4 42. hxg4 Qf6 43. Bh3 Ne8 44. Rg2 e4 45. Qd2 Qe5+ 46. Kg1 Nf6 47. Rf1 1-0

[Event "Kuopio op-A 40th"]
[Site "Kuopio"]
[Date "2018.04.29"]
[Round "3"]
[White "Hartikainen, Jarmo"]
[Black "Salykin, Alexandr"]
[Result "1/2-1/2"]
[WhiteElo "2181"]
[BlackElo "1897"]
[PlyCount "125"]
[EventDate "2018.04.28"]
[EventType "swiss"]
[EventRounds "4"]
[EventCountry "FIN"]
[SourceTitle "EXT 2019"]
[Source "ChessBase"]
[SourceDate "2018.10.10"]
[SourceVersion "1"]
[SourceVersionDate "2018.10.10"]
[SourceQuality "1"]

1. e4 e6 2. d4 d5 3. Nd2 Nf6 4. e5 Nfd7 5. Bd3 c5 6. c3 Nc6 7. Ne2 Qb6 8. Nf3 cxd4 9. cxd4 f6 10. exf6 Nxf6 11. 0-0 Be7 12. Nf4 0-0 13. Re1 Bb4 14. Re2 Re8 15. Be3 Bd7 16. Ne5 Qc7 17. Rc2 Bd6 18. Nxd7 Qxd7 19. Bb5 Rac8 20. Rac1 Rc7 21. Nd3 Rec8 22. Ne5 Qe8 23. a3 Ne4 24. f3 Nf6 25. Qe2 Qh5 26. g4 Qe8 27. Kg2 Kh8 28. h3 Ng8 29. Bxc6 bxc6 30. Qa6 Ne7 31. Bf4 Bxe5 32. Bxe5 Rd7 33. b4 Rcd8 34. a4 Qg6 35. Rxc6 Nxc6 36. Rxc6 Re8 37. Qe2 Rf8 38. f4 Qf7 39. b5 Kg8 40. h4 Qe7 41. g5 Re8 42. Qc2 Qf7 43. a5 Rb7 44. b6 axb6 45. axb6 Qf5 46. Qxf5 exf5 47. Rc7 Rxc7 48. Bxc7 Kf7 49. b7 Ke6 50. b8Q Rxb8 51. Bxb8 g6 52. Kf2 Kd7 53. Ke3 Kc6 54. Kd3 Kb5 55. Kc3 Ka4 56. Bd6 Ka5 57. Kb3 Kb5 58. Bb4 Kc6 59. Ka4 Kb6 60. Bc5+ Ka6 61. Kb4 Kb7 62. Kb5 Kc7 63. Ba3 1/2-1/2

[Event "Pori We PSY"]
[Site "Pori"]
[Date "2018.03.03"]
[Round "3"]
[White "Kivimaki, Kasper"]
[Black "Salykin, Alexandr"]
[Result "1-0"]
[WhiteElo "1763"]
[BlackElo "1965"]
[PlyCount "81"]
[EventDate "2018.03.17"]
[EventType "swiss"]
[EventRounds "5"]
[EventCountry "FIN"]
[SourceTitle "EXT 2022"]
[Source "ChessBase"]
[SourceDate "2021.10.06"]
[SourceVersion "1"]
[SourceVersionDate "2021.10.06"]
[SourceQuality "1"]

1. e4 g6 2. d4 Bg7 3. Nf3 d6 4. Bc4 a6 5. 0-0 e6 6. Bg5 Ne7 7. Re1 h6 8. Be3 0-0 9. Nbd2 b5 10. Bb3 Bb7 11. c3 Nd7 12. Bc2 c5 13. a4 Kh7 14. Bf4 Nf6 15. h3 Rc8 16. Nb3 Qb6 17. dxc5 dxc5 18. Qe2 Rfd8 19. Ne5 Kg8 20. a5 Qa7 21. Be3 Bxe4 22. Nxc5 Rxc5 23. b4 Ba8 24. Bxc5 Qb7 25. f3 Ned5 26. Rad1 Rc8 27. Qd2 Rxc5 28. bxc5 Qc7 29. c6 Nh5 30. Nxg6 fxg6 31. Rxe6 Bxc6 32. Rxc6 Qxc6 33. Qxd5+ Qxd5 34. Rxd5 Bxc3 35. Rd6 Bxa5 36. Rxg6+ Kf7 37. Rxa6 Bd2 38. Bg6+ Ke7 39. Bxh5 b4 40. Kf2 b3 41. Rb6 1-0

[Event "Jyvaskyla We JyS A"]
[Site "Jyvaskyla"]
[Date "2018.01.28"]
[Round "4"]
[White "Salmelin, Aaro"]
[Black "Salykin, Alexandr"]
[Result "1/2-1/2"]
[WhiteElo "1924"]
[BlackElo "1857"]
[PlyCount "64"]
[EventDate "2018.01.26"]
[EventType "swiss"]
[EventRounds "5"]
[EventCountry "FIN"]
[SourceTitle "EXT 2022"]
[Source "ChessBase"]
[SourceDate "2021.10.06"]
[SourceVersion "1"]
[SourceVersionDate "2021.10.06"]
[SourceQuality "1"]

1. d4 Nf6 2. c4 g6 3. Nc3 Bg7 4. Nf3 0-0 5. g3 c6 6. Bg2 d5 7. 0-0 Nbd7 8. cxd5 cxd5 9. e3 e6 10. b3 a6 11. a4 b6 12. Bb2 Bb7 13. Qe2 Rc8 14. Rfc1 Nb8 15. Ne5 Nfd7 16. Nd3 Nc6 17. b4 Re8 18. f4 Qe7 19. Rab1 Bf8 20. h3 Nxb4 21. Ba3 a5 22. Nxb4 axb4 23. Bxb4 Qd8 24. Bxf8 Rxf8 25. Bf1 Ra8 26. Qb2 Kh8 27. Bb5 Nb8 28. Be2 Nd7 29. Nb5 Rxa4 30. Nc7 Ra7 31. Bb5 Nb8 32. Be2 Nd7 1/2-1/2

[Event "Turku We TuTS A"]
[Site "Turku"]
[Date "2017.12.10"]
[Round "5"]
[White "Piiroinen, Tero"]
[Black "Salykin, Alexandr"]
[Result "0-1"]
[WhiteElo "1879"]
[BlackElo "1833"]
[PlyCount "70"]
[EventDate "2017.12.08"]
[EventType "swiss"]
[EventRounds "5"]
[EventCountry "FIN"]
[SourceTitle "EXT 2022"]
[Source "ChessBase"]
[SourceDate "2021.10.06"]
[SourceVersion "1"]
[SourceVersionDate "2021.10.06"]
[SourceQuality "1"]

1. d4 Nf6 2. Nf3 e6 3. Bg5 c5 4. e3 Nc6 5. c3 d5 6. Bd3 a6 7. Ne5 Qc7 8. Nxc6 Qxc6 9. Bf4 Bd7 10. Nd2 b5 11. Nf3 c4 12. Bc2 Be7 13. 0-0 Qb6 14. a3 Ra7 15. Ne5 0-0 16. Kh1 a5 17. g4 Ne4 18. f3 Nd6 19. g5 Nf5 20. Rg1 Be8 21. Qf1 b4 22. axb4 axb4 23. Bxf5 exf5 24. Rxa7 Qxa7 25. Qa1 Qb7 26. Qa5 bxc3 27. bxc3 Kh8 28. g6 hxg6 29. Rg3 Kg8 30. Qa1 g5 31. Qg1 f6 32. h4 fxe5 33. Bxe5 Bg6 34. hxg5 Kf7 35. Qh2 Qa8 0-1

[Event "Turku We TuTS A"]
[Site "Turku"]
[Date "2017.12.09"]
[Round "3"]
[White "Lallukka, Taneli"]
[Black "Salykin, Alexandr"]
[Result "1-0"]
[WhiteElo "1888"]
[BlackElo "1833"]
[PlyCount "87"]
[EventDate "2017.12.08"]
[EventType "swiss"]
[EventRounds "5"]
[EventCountry "FIN"]
[SourceTitle "EXT 2022"]
[Source "ChessBase"]
[SourceDate "2021.10.06"]
[SourceVersion "1"]
[SourceVersionDate "2021.10.06"]
[SourceQuality "1"]

1. d4 Nf6 2. c4 e6 3. Nc3 c5 4. d5 exd5 5. cxd5 d6 6. Nf3 g6 7. e4 Bg7 8. Bd3 0-0 9. 0-0 a6 10. a4 Nbd7 11. Bf4 Qc7 12. Qe2 Re8 13. Rac1 Nh5 14. Be3 f5 15. exf5 Nf4 16. Qd2 Nxd3 17. Qxd3 Ne5 18. Nxe5 Bxf5 19. Qd2 Rxe5 20. Bf4 Re7 21. Bg5 Ree8 22. Rfe1 Qd7 23. h3 Be5 24. Bf4 Bxf4 25. Qxf4 b5 26. g4 Bd3 27. axb5 axb5 28. Qf3 c4 29. Re6 Rf8 30. Qg3 Rad8 31. Rce1 b4 32. Re7 Qc8 33. Qh4 h5 34. Ne4 Bxe4 35. R1xe4 Qc5 36. gxh5 c3 37. bxc3 bxc3 38. hxg6 Qxf2+ 39. Qxf2 Rxf2 40. Kxf2 Rc8 41. Re8+ Rxe8 42. Rxe8+ Kg7 43. Rc8 Kxg6 44. Rxc3 1-0